Lactancia materna. Guía práctica para su manejo (Registro nro. 79507)

Detalles MARC
000 -ENCABEZADO
Número de control [NR] 01055nam a2200337Ia 4500
008 - DE LONGITUD FIJA DE DATOS DE ELEMENTOS - INFORMACIÓN GENERAL
Elementos de longitud fija [NR] 130821s1996 ck gr spa
020 ## - NUMERO INTERNACIONAL NORMALIZADO PARA LIBROS [R]
Número Internacional Normalizado del libro [NR] 958079
040 ## - FUENTE DE CATALOGACION [NR]
Agencia de catalogación original [NR] Co-BoUCM
Idioma de catalogación [NR] spa
041 00 - CODIGO DE IDIOMA [R]
Código de idioma para texto/pista de sonido o título separado [R] Español
060 ## - SIGNATURA TOPOGRAFICA DE LA BIBLIOTECA NACIONAL DE MEDICINA (NLM) [R]
Número clasificador [R] WP 825
Número de ítem [NR] P221L
-- 1996
100 ## - ASIENTO PRINCIPAL--NOMBRE PERSONAL [NR]
Nombre personal [NR] Pardo Martinez, Gloria
245 00 - MENCION DE TITULO [NR]
Título [NR] Lactancia materna. Guía práctica para su manejo
Mención de responsabilidad, etc. [NR] Gloria Martínez Pardo
260 ## - PUBLICACION, DISTRIBUCION, ETC. (PIE DE IMPRENTA) [R]
Lugar de publicación, distribución, etc. [R] Bogotá (Cundinamarca, Colombia)
Nombre del editor, distribuidor, etc. [R] Trazo limitada
Fecha de publicación, distribución, etc. [R] 1996
300 ## - DESCRIPCION FISICA [R]
Extensión [R] 159 páginas
650 04 - ASIENTO SECUNDARIO DE MATERIA - TERMINO TEMATICO [R]
Término temático o nombre geográfico como elemento de entrada [NR] Drogas
9 (RLIN) 13591
650 04 - ASIENTO SECUNDARIO DE MATERIA - TERMINO TEMATICO [R]
Término temático o nombre geográfico como elemento de entrada [NR] Farmacología
9 (RLIN) 15577
650 04 - ASIENTO SECUNDARIO DE MATERIA - TERMINO TEMATICO [R]
Término temático o nombre geográfico como elemento de entrada [NR] Ginecología
9 (RLIN) 217
650 04 - ASIENTO SECUNDARIO DE MATERIA - TERMINO TEMATICO [R]
Término temático o nombre geográfico como elemento de entrada [NR] Glándulas mamarias
9 (RLIN) 16448
650 04 - ASIENTO SECUNDARIO DE MATERIA - TERMINO TEMATICO [R]
Término temático o nombre geográfico como elemento de entrada [NR] Lactancia materna
9 (RLIN) 18256
650 04 - ASIENTO SECUNDARIO DE MATERIA - TERMINO TEMATICO [R]
Término temático o nombre geográfico como elemento de entrada [NR] Pediatría
9 (RLIN) 21221
650 04 - ASIENTO SECUNDARIO DE MATERIA - TERMINO TEMATICO [R]
Término temático o nombre geográfico como elemento de entrada [NR] Salud oral
9 (RLIN) 23957
650 04 - ASIENTO SECUNDARIO DE MATERIA - TERMINO TEMATICO [R]
Término temático o nombre geográfico como elemento de entrada [NR] Salud pública
9 (RLIN) 8073
650 04 - ASIENTO SECUNDARIO DE MATERIA - TERMINO TEMATICO [R]
Término temático o nombre geográfico como elemento de entrada [NR] Sexualidad
9 (RLIN) 24368
650 04 - ASIENTO SECUNDARIO DE MATERIA - TERMINO TEMATICO [R]
Término temático o nombre geográfico como elemento de entrada [NR] Técnicas
9 (RLIN) 25107
700 ## - ASIENTO SECUNDARIO - NOMBRE PERSONAL [R]
Nombre personal [NR] Fern ndez Morris, Ruth
700 ## - ASIENTO SECUNDARIO - NOMBRE PERSONAL [R]
Nombre personal [NR] Goethe S nchez, Brunhilde
700 ## - ASIENTO SECUNDARIO - NOMBRE PERSONAL [R]
Nombre personal [NR] León Lara, Alvaro
700 ## - ASIENTO SECUNDARIO - NOMBRE PERSONAL [R]
Nombre personal [NR] Méndez Morales, Hernando
700 ## - ASIENTO SECUNDARIO - NOMBRE PERSONAL [R]
Nombre personal [NR] Peñalosa, Martha
942 ## - ELEMENTOS DE ENTRADA AGREGADOS (KOHA)
Tipo de ítem principal el descrito en 300a Libro
Tema principal Medicina
Edición 1
Parte restante de la signatura top. P221L
Sistema de clasificación NLM
Clasificación WP 825
Título oculto en OPAC No
Existencias
Fecha de último préstamo Total préstamos Total Renewals Signatura topográfica Código de barras Última vez visto Volúmen / Fascículo Ejemplar Price effective from Tipo de ítem Perdido Sistema de clasificación Dañado No prestable Tipo de ítem específico Suprimido Ubicación habitual Ubicación actual Localización Fecha de creación Forma de adquisición Costo
21/09/2021 55 4 WP 825 P221L 200003258 01/12/2025 1996 Ej.4 03/02/2013 Libro   NLM     Libro   Hospital Universitario Mayor Hospital Universitario Mayor 9no piso 28/02/2003 Donación 0.00
24/07/2024 50 3 WP 825 P221L 200002398 01/12/2025 1996 Ej.1 03/02/2013 Libro   NLM     Libro   Hospital Universitario Mayor Hospital Universitario Mayor 9no piso 28/02/2003 Donación 0.00
23/08/2019 31 16 WP 825 P221L 200003256 12/12/2025 1996 Ej.3 03/02/2013 Libro   NLM     Libro   Quinta de Mutis Quinta de Mutis 2do piso 28/02/2003 Donación 0.00